Normal view
MARC view
- الموظفون-قوانين وتشريعات -القانون العراقي-القانون الاردني
Entry Topical Term
001 - CONTROL NUMBER
- control field: 62488
003 - CONTROL NUMBER IDENTIFIER
- control field: JO-AjAnu
005 - DATE AND TIME OF LATEST TRANSACTION
- control field: 20230606084215.0
008 - FIXED-LENGTH DATA ELEMENTS
- fixed length control field: 230606|| aca||aabn | a|a d
040 ## - CATALOGING SOURCE
- Original cataloging agency: JO-AjAnu
- Transcribing agency: JO-AjAnu
150 ## - HEADING--TOPICAL TERM
- Topical term or geographic name entry element: الموظفون-قوانين وتشريعات -القانون العراقي-القانون الاردني
670 ## - SOURCE DATA FOUND
- Source citation: Work cat.: (JO-AjAnu)31866: اعداد صالح، سيف غزال صعو؛ اشراف طلال ياسين عيسى , author 62487, حق الموظف العام في الإضراب دراسة مقارنة في القانون العراقي والأردن=The Right public Employ to Strike A comparrative study in Iragi and jordanian Law